MARC details
| 000 -CABECERA |
| campo de control de longitud fija |
01231nam a2200277 a 4500 |
| 001 - NÚMERO DE CONTROL |
| campo de control |
000024929 |
| 003 - IDENTIFICADOR DEL NÚMERO DE CONTROL |
| campo de control |
|
| 005 - FECHA Y HORA DE LA ÚLTIMA TRANSACCIÓN |
| campo de control |
20240313073817.0 |
| 008 - DATOS DE LONGITUD FIJA--INFORMACIÓN GENERAL |
| campo de control de longitud fija |
081209s1976 dr r 001 0 spa d |
| 040 ## - FUENTE DE LA CATALOGACIÓN |
| Centro catalogador/agencia de origen |
DO-SdBNP |
| Lengua de catalogación |
spa |
| Centro/agencia transcriptor |
BNPHU |
| 082 #4 - NÚMERO DE LA CLASIFICACIÓN DECIMAL DEWEY |
| Número de clasificación |
070.4 |
| Número de documento/Ítem |
C697c 1976 |
| Número de edición |
22 |
| 100 1# - ENTRADA PRINCIPAL--NOMBRE DE PERSONA |
| Nombre de persona |
Collado, Lipe, |
| Fechas asociadas al nombre |
1947- |
| 9 (RLIN) |
79819 |
| 245 10 - MENCIÓN DE TÍTULO |
| Título |
Curso de periodismo / |
| Mención de responsabilidad, etc. |
Lipe Collado. |
| 250 ## - MENCIÓN DE EDICIÓN |
| Mención de edición |
2ª ed. |
| 260 ## - PUBLICACIÓN, DISTRIBUCIÓN, ETC. |
| Lugar de publicación, distribución, etc. |
Santo Domingo : |
| Nombre del editor, distribuidor, etc. |
Taller, |
| Fecha de publicación, distribución, etc. |
1976. |
| 300 ## - DESCRIPCIÓN FÍSICA |
| Extensión |
157 p. : |
| Otras características físicas |
il. ; |
| Dimensiones |
22 cm. |
| 490 ## - MENCIÓN DE SERIE |
| Mención de serie |
Biblioteca Taller : |
| Designación de volumen o secuencia |
73 |
| 505 0# - NOTA DE CONTENIDO CON FORMATO |
| Información miscelánea |
Introducción -- |
| Título |
El periodismo: la mejor de las profesiones -- |
| -- |
La noticia -- |
| -- |
Técnica de la redacción -- |
| -- |
Características de la noticia -- |
| -- |
Las fuentes -- |
| -- |
La entrevista -- |
| -- |
Párrafos cortos -- |
| -- |
La noticia en suspenso -- |
| -- |
Periodismo de profundidad -- |
| -- |
Noticia social -- |
| -- |
Noticia deportiva -- |
| -- |
Fotoperiodismo -- |
| -- |
Corrector de estilo -- |
| -- |
Recomendaciones de estilo -- |
| -- |
El artículo -- |
| -- |
La noticia curiosa, jocosa, extraña -- |
| -- |
Punto final -- |
| 590 ## - NOTA LOCAL (RLIN) |
| Nota local |
Inventariado,2018/DG |
| 650 #4 - PUNTO DE ACCESO ADICIONAL DE MATERIA--TÉRMINO DE MATERIA |
| Término de materia o nombre geográfico como elemento de entrada |
Periodismo |
| Subdivisión de forma |
Enseñanza |
| 9 (RLIN) |
26 |
| 650 #4 - PUNTO DE ACCESO ADICIONAL DE MATERIA--TÉRMINO DE MATERIA |
| Término de materia o nombre geográfico como elemento de entrada |
Periodismo |
| Subdivisión general |
Arte de escribir |
| 9 (RLIN) |
27 |
| 830 ## - PUNTO DE ACCESO ADICIONAL DE SERIE-TÍTULO UNIFORME |
| Título uniforme |
Biblioteca Taller |
| Número de parte o sección de la obra |
73 |
| 9 (RLIN) |
51180 |
| 910 ## - DATOS DE OPCIÓN DEL USUARIO (OCLC) |
| Datos de opción del usuario |
Validado. Control de calidad EMS |
| 942 ## - ELEMENTOS DE PUNTO DE ACCESO ADICIONAL (KOHA) |
| Fuente del sistema de clasificación o colocación |
Dewey Decimal Classification |
| Tipo de ítem Koha |
Libro |
| 956 ## - LOCALIZACIÓN Y ACCESO ELECTRÓNICOS LOCAL (OCLC) |
| Nombre del host |
VMateo |